| 000 | 00733nam a22001337a 4500 | ||
|---|---|---|---|
| 040 | _cRUA | ||
| 082 | _aAGR SOE 2015 B520 Or.1 | ||
| 100 | _aSOEURN SOKHENG; សឿន សុខេង | ||
| 245 | _aEffect of urea fertilizer on growth and nitrate residue of green mustard grown at royal university of agriculture, ឥទ្ធិពលនៃកំរិតជីអ៊ុយរ៉េទៅលើកាលូតលាស់និងសំណល់នីត្រាតក្នុងដំណាំស្ពៃខៀវ ដាំក្នុងសាកលវិទ្យាល័យភូមិន្ទកសិកម្ម | ||
| 260 |
_aRUA _bSOR _c2015 |
||
| 300 |
_axi,50p. _bill. _c29cm. |
||
| 856 | _uSOEURN SOKHENG | ||
| 942 | _cAGR | ||
| 999 |
_c10763 _d10763 |
||